Statistics for All-Time Boston Red Sox Players

Click here to take the quiz!

General Stats

  • This quiz has been taken 212 times
  • The average score is 4 of 10

Answer Stats

PositionAnswer% Correct
CatcherCarlton Fisk
73%
3rd BaseWade Boggs
57%
Left FieldTed Williams
54%
Designated HitterDavid Ortiz
51%
1st BaseCarl Yastrzemski
39%
Best PitcherBabe Ruth
38%
2nd BaseBobby Doerr
27%
Center FieldTris Speaker
11%
ShortstopJoe Cronin
5%
Right FieldHarry Hooper
3%

Score Distribution

Percentile by Number Answered

Percent of People with Each Score

Your Score History

You have not taken this quiz